Tratados espirituales / (Record no. 171236)

MARC details
000 -LEADER
campo de control de longitud fija 01215nam a2200289 i 4500
001 - NÚMERO DE CONTROL
campo de control 171236
003 - IDENTIFICADOR DE NÚMERO DE CONTROL
campo de control ES-MaACL
005 - FECHA Y HORA DE LA ÚLTIMA TRANSACCIÓN
campo de control 20251212171855.0
008 - DATOS DE LONGITUD FIJA--INFORMACIÓN GENERAL
campo de control de longitud fija 090506s1962 sp |||| | spa d
017 ## - NÚMERO DE COPYRIGHT O DE DEPÓSITO LEGAL
Número de copyright o de depósito legal M 17118-1962
245 00 - MENCIÓN DEL TÍTULO
Título Tratados espirituales /
Mención de responsabilidad, etc. Melchor Cano, Domingo de Soto, Juan de la Cruz ; estudio preliminar y edición preparada por Vicente Beltrán de Heredia.
260 ## - PUBLICACIÓN, DISTRIBUCIÓN, ETC.
Lugar de publicación, distribución, etc. Madrid :
Nombre del editor, distribuidor, etc. La Editorial Católica,
Fecha de publicación, distribución, etc. 1962.
300 ## - DESCRIPCIÓN FÍSICA
Extensión XI, 512 p. ;
Dimensiones 20 cm.
490 1# - MENCIÓN DE SERIE
Mención de serie Biblioteca de autores cristianos ;
Designación de volumen o secuencia 221
500 ## - NOTA GENERAL
Nota general Índices.
505 8# - NOTA DE CONTENIDO CON FORMATO
Nota de contenido con formato Contiene : La victoria de sí mismo ; Tratado del amor de Dios ; Diálogo sobre la necesidad y provecho de la oración vocal
700 1# - ENTRADA AGREGADA--NOMBRE PERSONAL
Nombre de persona Cano, Melchor.
9 (RLIN) 140036
700 1# - ENTRADA AGREGADA--NOMBRE PERSONAL
Nombre de persona Soto, Domingo de,
Fechas asociadas al nombre 1495-1560
9 (RLIN) 107479
700 0# - ENTRADA AGREGADA--NOMBRE PERSONAL
Nombre de persona Juan de la Cruz,
Títulos y otros términos asociados al nombre Santo,
Fechas asociadas al nombre 1542-1591
9 (RLIN) 67110
700 1# - ENTRADA AGREGADA--NOMBRE PERSONAL
Nombre de persona Beltrán de Heredia, Vicente,
Fechas asociadas al nombre 1885-1973
9 (RLIN) 27359
740 0# - ENTRADA AGREGADA--TÍTULO RELACIONADO/ANALÍTICO NO CONTROLADO
Título relacionado o analítico no controlado La victoria de sí mismo.
740 0# - ENTRADA AGREGADA--TÍTULO RELACIONADO/ANALÍTICO NO CONTROLADO
Título relacionado o analítico no controlado Tratado del amor de Dios.
740 0# - ENTRADA AGREGADA--TÍTULO RELACIONADO/ANALÍTICO NO CONTROLADO
Título relacionado o analítico no controlado Diálogo sobre la necesidad y provecho de la oración vocal.
830 00 - PUNTO DE ACCESO ADICIONAL DE SERIE-TÍTULO UNIFORME
Título uniforme Biblioteca de autores cristianos
Designación de volumen o secuencia 221
9 (RLIN) 178679
852 ## - LOCALIZACIÓN
Ubicación ES-MaACL
Número de control de estantería J-216
itemnumber R.46092
Holdings
Estatus retirado Estado de pérdida Estado de daño No para préstamo Biblioteca de origen Biblioteca actual Ubicación en estantería Fecha de adquisición Total de préstamos Signatura topográfica completa Código de barras Visto por última vez Precio de reemplazo Tipo de ítem Koha
        Biblioteca del Ateneo de Madrid Biblioteca del Ateneo de Madrid Depósito 2 06/05/2009   J-216 1179703 23/02/2023 23/02/2023 Libro impreso